000 00447nam a22001697a 4500
003 SGT
020 _a9789392787423
082 _a630
_bR22Y
100 _aYadav, R. S.
245 _aRecent Advancement in Agricultural Sciences
260 _aNew Delhi, India
_bSelective & Scientific Books Publishers & Distributers
_c2022
300 _a148
650 _aAgriculture
700 _aPant, Pooja
700 _aChaudhary, Archana
942 _2ddc
_cBK
999 _c24480
_d24480